01068nam a2200241 i 4500001000700000003000900007005001700016007000300033008004100036080001200077100003800089245018200127260007500309300002800384546005300412650006100465700003100526700003700557710006500594852002400659999001900683952012400702149393ES-MaACL20250902235301.0t|071015s1984 sp a |||| | spa d a626"15"1 aLastanosa, Pedro Juan de.914911614aLos veintiún libros de los ingenios y maquinas b= The twenty books of devices and of machines / cPseudo-Juanelo Turriano ; general introduction by J. Antonio García-Diego. aMadrid : bColegio de Ingenieros de Caminos, Canales y Puertos,c1984. a2 v. : bil. ; c24 cm. aTexto en español e introducción en inglés.14aIngeniería mecánica-vObras anteriores a 18009137791 aTurriano, Juanelo.91490401 aGarcía-Diego, José A.9545412 aColegio de Ingenieros de Caminos, Canales y Puertos.9139226 aES-MaACLjG-7149-50 c149393d149393 00104070aATENEOMbATENEOMcDEPO2d2008-01-17eSCl0oG-7149-50p1155894r2023-02-23 00:00:00w2023-02-23yMONOGRAFIA